Cours de médecine opératoire ... / (Record no. 54427)

MARC details
000 -LEADER
campo de control de longitud fija 00513nam a22001695i 4500
001 - NÚMERO DE CONTROL
campo de control 54427
003 - IDENTIFICADOR DE NÚMERO DE CONTROL
campo de control ES-MaACL
005 - FECHA Y HORA DE LA ÚLTIMA TRANSACCIÓN
campo de control 20230906162943.0
007 - CAMPO FIJO DE DESCRIPCIÓN FÍSICA--INFORMACIÓN GENERAL
campo de control de longitud fija t|
008 - DATOS DE LONGITUD FIJA--INFORMACIÓN GENERAL
campo de control de longitud fija 960722s1880 fr a ||||1| fre d
040 ## - FUENTE DE CATALOGACIÓN
Centro catalogador/agencia de origen CAM
Lengua de catalogación spa
Centro/agencia transcriptor CAM
100 1# - ENTRADA PRINCIPAL--NOMBRE DE PERSONA
Nombre de persona Fort, Joseph Auguste.
9 (RLIN) 51835
245 10 - MENCIÓN DEL TÍTULO
Título Cours de médecine opératoire ... /
Mención de responsabilidad, etc. par J. A. Fort.
260 ## - PUBLICACIÓN, DISTRIBUCIÓN, ETC.
Lugar de publicación, distribución, etc. Paris :
Nombre del editor, distribuidor, etc. V. Adrien Delahaye et Cie.,
Fecha de publicación, distribución, etc. 1880 (
Lugar de fabricación/manufactura Corbeil :
Fabricante imp. de Crété)
300 ## - DESCRIPCIÓN FÍSICA
Extensión [4], 404 p. :
Otras características físicas il. ;
Dimensiones 18 cm.
852 ## - LOCALIZACIÓN
Ubicación ES-MaACL
Número de control de estantería G-10722
Holdings
Estatus retirado Estado de pérdida Estado de daño No para préstamo Colección Biblioteca de origen Biblioteca actual Ubicación en estantería Fecha de adquisición Fuente de adquisición Total de préstamos Signatura topográfica completa Código de barras Visto por última vez Precio de reemplazo Tipo de ítem Koha
        Libros del s. XIX Biblioteca del Ateneo de Madrid Biblioteca del Ateneo de Madrid Sala Pecera Planta 3 17/01/2008     G-10722 1057193 23/02/2023 23/02/2023 Libro impreso antiguo